000 00586cam a22002053a 4500
001 41153
003 PGUSA
005 20140828083928.0
008 121023s2012||||xxu|||||s|||||000 | eng d
040 _aPGUSA
_beng
042 _adc
100 1 _aDole, Nathan Haskell,
_d1852-1935
245 1 4 _aThe Spell of Switzerland
_h[electronic resource] /
_cNathan Haskell Dole
260 _bProject Gutenberg,
_c2012
506 _aPublic domain in the USA.
516 _aElectronic text
830 0 _aProject Gutenberg
_v41153
856 4 0 _uhttp://www.gutenberg.org/ebooks/41153
942 _cEB
999 _c270405
_d270405